000 01247cam a2200325 a 4500
003 OSt
005 20140410083849.0
008 980813s2000 nyua a 000 0 eng
010 _a 98041044
020 _a0439161606
040 _aDLC
_cDLC
_dDLC
042 _alcac
050 0 0 _aPE 1595
_b.G45 1999
100 1 _aGhigna, Charles.
_928677
245 1 0 _aSee the yak yak /
_cCharles Ghigna ; illustrated by Brian Lies.
260 _aNew York :
_bRandom House,
_c1999.
300 _a32 p. :
_bcol. ill. ;
_c22 cm.
440 0 _aEarly step into reading
_928678
521 _aBR
526 _cBR
650 0 _aEnglish language
_xHomonyms
_xJuvenile literature.
_928679
650 1 _aEnglish language
_xHomonyms.
_928680
700 1 _aLies, Brian,
_eill.
_928681
856 4 2 _3Publisher description
_uhttp://www.loc.gov/catdir/description/random0414/98041044.html
906 _a7
_bcbc
_corignew
_d1
_eocip
_f19
_gy-gencatlg
942 _2lcc
_cBK
999 _c34746
_d34746